Car Names - Statistics

General Stats
  • This quiz has been taken 25 times
    16 since last reset
  • The average score is 20 of 36
Answer Stats
Answer % Correct
BMW
100%
Lamborghini
100%
Mercedes
100%
Audi
83%
Ferrari
83%
Toyota
83%
Bugatti
67%
Ford
67%
Honda
67%
Hyundai
67%
Kia
67%
Porsche
67%
Rolls-Royce
67%
Volvo
67%
Bentley
50%
Chevrolet
50%
Jaguar
50%
Jeep
50%
Mazda
50%
Mitsubishi
50%
Opel
50%
Peugeot
50%
Renault
50%
Scion
50%
SEAT
50%
Skoda
50%
Suzuki
50%
Aston-Martin
33%
Citroën
33%
Dodge
33%
Lexus
33%
Lincoln
33%
Mini Cooper
33%
Nissan
33%
Subaru
33%
Maserati
17%
No matching quizzes found
Score Distribution
Percent of People with Each Score
Percentile by Number Answered
Your Score History
You have not taken this quiz since the last reset